2020 Quota Data Update.

This paper presents the annual update of the quota database and extends the database by one year through 2018. The paper provides an overview of the data and of the methodology and covers the quota formula variables and calculated quota shares based on the current quota formula.

التفاصيل البيبلوغرافية
مؤلف مشترك: International Monetary Fund. Finance Dept
التنسيق: دورية
اللغة:English
منشور في: Washington, D.C. : International Monetary Fund, 2021.
سلاسل:Policy Papers; Policy Paper ; No. 2021/016
الوصول للمادة أونلاين:Full text available on IMF
LEADER 01278cas a2200241 a 4500
001 AALejournalIMF021576
008 230101c9999 xx r poo 0 0eng d
020 |c 5.00 USD 
020 |z 9781513571492 
022 |a 2663-3493 
040 |a BD-DhAAL  |c BD-DhAAL 
110 2 |a International Monetary Fund.  |b Finance Dept. 
245 1 0 |a 2020 Quota Data Update. 
264 1 |a Washington, D.C. :  |b International Monetary Fund,  |c 2021. 
300 |a 1 online resource (78 pages) 
490 1 |a Policy Papers 
500 |a <strong>Off-Campus Access:</strong> No User ID or Password Required 
500 |a <strong>On-Campus Access:</strong> No User ID or Password Required 
506 |a Electronic access restricted to authorized BRAC University faculty, staff and students 
520 3 |a This paper presents the annual update of the quota database and extends the database by one year through 2018. The paper provides an overview of the data and of the methodology and covers the quota formula variables and calculated quota shares based on the current quota formula. 
538 |a Mode of access: Internet 
830 0 |a Policy Papers; Policy Paper ;  |v No. 2021/016 
856 4 0 |z Full text available on IMF  |u http://elibrary.imf.org/view/journals/007/2021/016/007.2021.issue-016-en.xml  |z IMF e-Library